Cars Characters (1, 2, and 3) - Statistics

General Stats
  • This quiz has been taken 154 times
  • The average score is 18 of 53
Answer Stats
In which movies: Answer % Correct
1,2,3 Mater
87%
1,2,3 Lightning McQueen
84%
1,2,3 Sally Carrera
84%
1,3 Doc Hudson
76%
1,2,3 Luigi
72%
1,2,3 Guido
69%
1,3 Chick Hicks
66%
2 Finn McMissile
66%
1,2,3 Flo
65%
1,2,3 Red
59%
1,3 Strip 'The King' Weathers
59%
1,2,3 Ramone
58%
2 Holley Shiftwell
57%
3 Jackson Storm
57%
1,2 Mack
55%
1,2,3 Sarge
55%
1,2,3 Fillmore
53%
3 Cruz Ramirez
51%
2 Francesco Bernoulli
48%
1,2,3 Lizzie
47%
2 Lewis Hamilton
41%
2 Carla Veloso
34%
2 Miguel Camino
33%
2 Jeff Gorvette
32%
2 Shu Todoroki
29%
1,3 Tex Dinoco
27%
3 Smokey
25%
3 Cal Weathers
24%
2 Professor Zundapp
24%
2 Raoul CaRoule
24%
2 Sir Miles Axlerod
24%
2 Max Schnell
23%
2 Nigel Gearsley
20%
1,3 Dusty Rusteze
18%
3 Miss Fritter
17%
2 Agent Leland Turbo
12%
1,2,3 Darrel Cartrip
11%
3 Junior Moon
11%
1 Van
11%
2 Ivan
10%
1 Lynda Weathers
10%
3 Natalie Certain
10%
2 Alexander Hugo (AKA Chop Chop Alex)
9%
3 Louise Nash
9%
2 Victor Hugo
9%
1 Minny
8%
3 River Scott
8%
2 Tomber
8%
2 Mama Topolino
7%
2 Mel Dorado
7%
2 Siddeley
7%
2 Uncle Topolino
7%
2 Otis
5%
No matching quizzes found
Score Distribution
Percent of People with Each Score
Percentile by Number Answered
Your Score History
You have not taken this quiz